Normal view
MARC view
- O’Brien, Mildred Richmond Jackson
Entry Personal Name
001 - CONTROL NUMBER
- control field: 106740
003 - CONTROL NUMBER IDENTIFIER
- control field: NUST
005 - DATE AND TIME OF LATEST TRANSACTION
- control field: 20230104112122.0
008 - FIXED-LENGTH DATA ELEMENTS
- fixed length control field: 230104|| aca||aabn | a|a d
040 ## - CATALOGING SOURCE
- Original cataloging agency: NUST
- Transcribing agency: NUST
100 ## - HEADING--PERSONAL NAME
- Personal name: O’Brien, Mildred Richmond Jackson
670 ## - SOURCE DATA FOUND
- Source citation: Work cat.: (NUST)185813: O’Brien, Mildred Richmond Jackson, The rug and carpet book /, [1946]
